KULTURÁLIS ÉRTÉKEK, ÉRZELMEK ÉS MOTIVÁLT GONDOLKODÁS CULTURAL VALUES, EMOTION AND MOTIVATED COGNITION

Bibliográfiai részletek
Szerző: Thuma Orsolya
Dokumentumtípus: Cikk
Megjelent: Budapesti Gazdasági Egyetem 2023
Sorozat:Multidiszciplináris Kihívások, Sokszínű Válaszok 2023 No. 1 különkiadás
Tárgyszavak:
mtmt:https://doi.org/10.33565/MKSV.2023.KSZ.01.06
Kulcsszavak:Kulturális értékek
Rettegéskezelés elmélet
Konzervatív beállítódás
Etnocentrikus fogyasztó
Online Access:http://publikaciotar.uni-bge.hu/2532

MARC

LEADER 00000nab a2200000 i 4500
001 publ2532
005 20260306115919.0
008 260306s2023 hu o 000 zxx d
022 |a 2630-886X 
024 |a https://doi.org/10.33565/MKSV.2023.KSZ.01.06  |2 doi 
040 |a BGE Publikációtár Repozitórium  |b hun 
100 1 |a Thuma Orsolya 
245 1 0 |a KULTURÁLIS ÉRTÉKEK, ÉRZELMEK ÉS MOTIVÁLT GONDOLKODÁS  |b CULTURAL VALUES, EMOTION AND MOTIVATED COGNITION  |c Thuma Orsolya  |h [elektronikus dokumentum] 
260 |a Budapesti Gazdasági Egyetem  |c 2023 
300 |a 145-165 
490 0 |a Multidiszciplináris Kihívások, Sokszínű Válaszok  |v 2023 No. 1 különkiadás 
520 3 |a A tanulmány körbejárja, hogy az érzelmek és az érzelmileg motivált gondolkodás hogyan teremti meg és tartja fenn egy közösségben a hagyományokat és a kulturális értékeket. Kitér az érzelmek és a gondolkodás, valamint a cselekvés kapcsolatára. Áttekinti a konzervatív gondolkodás érzelmi mozgatórugóit és következményeit. A bemutatott tanulmányok arra utalnak, hogy a konzervatív beállítódás, a kulturális értékek és hagyományok fokozott védelme a fenyegetettségre adott közösségi megküzdés egy formájának tekinthető, amelynek célja a szorongás csökkentése és a kontroll érzet megerősítése. 
650 4 |a szociológiai tudományok 
695 |a Kulturális értékek 
695 |a Rettegéskezelés elmélet 
695 |a Konzervatív beállítódás 
695 |a Etnocentrikus fogyasztó 
856 4 0 |u https://publikaciotar.uni-bge.hu/id/eprint/2532/1/10060-Cikk%20sz%C3%B6veg-51420-2-10-20230718.pdf  |z Dokumentum-elérés